[Event "Kvibergspelen 2017"]
[Site "Gothenburg"]
[Date "2017.05.05"]
[Round "4.5"]
[White "Bjorklund, Thomas"]
[Black "Arman, Deniz"]
[Result "0-1"]
[WhiteElo "2141"]
[BlackElo "2377"]

1.e4 c5 2.Nf3 d6 3.d4 cxd4 4.Nxd4 Nf6 5.Nc3 a6 6.Bg5 e6 7.f4 Nc6 8.Nxc6 
bxc6 9.e5 h6 10.Bh4 g5 11.fxg5 Nd5 12.Nxd5 cxd5 13.Qg4 Qb6 14.g6 Qxb2 15.
gxf7+ Kd7 16.Qa4+ Kc7 17.Qa5+ Kb8 18.Rd1 dxe5 19.c3 Ra7 20.Bf6 Rxf7 21.
Bxe5+ Ka8 22.Bd4 Bg7 23.Bxa6 Bxd4 24.Rxd4 Ra7 25.Qb5 Qc1+ 26.Rd1 Qxc3+ 27.
Rd2 Bxa6 28.Qb3 Qxb3 29.axb3 Rf8 30.Kd1 Bd3 31.Rxd3 Ra1+ 32.Kd2 Rxh1 33.
Rh3 Rf6 34.g4 Rg1 35.Rh4 Rg6 36.h3 Rg3 37.Kc2 Kb7 38.Rh5 Re3 39.g5 hxg5 
40.Rh7+ Kc6 41.Rh8 Rf6 42.Rc8+ Kd7 43.Ra8 Rf2+ 44.Kd1 Rxh3 45.Ke1 Rb2 46.
Ra7+ Kd6 47.Ra6+ Ke5 48.Rxe6+ Kxe6 49.Kf1 Rh1# 0-1

[Event "Kvibergspelen 2017"]
[Site "Gothenburg"]
[Date "2017.05.05"]
[Round "4.6"]
[White "Welin, Mats"]
[Black "Aroven, Mikael"]
[Result "1-0"]
[WhiteElo "2336"]
[BlackElo "2066"]

1.e4 c5 2.Nf3 Nc6 3.d4 cxd4 4.Nxd4 g6 5.Nc3 Bg7 6.Be3 Nf6 7.Bc4 O-O 8.Bb3 
a5 9.O-O d6 10.h3 Bd7 11.a4 Nxd4 12.Bxd4 Bc6 13.Qd3 Qd7 14.Rad1 Rfc8 15.
Rfe1 e6 16.f4 d5 17.exd5 exd5 18.f5 Re8 19.Rf1 Ne4 20.fxg6 hxg6 21.Bxg7 
Kxg7 22.Nxe4 Rxe4 23.Qxe4 dxe4 24.Rxd7 Bxd7 25.Rxf7+ Kh6 26.Rxd7 Kg5 27.
Kf2 Kf4 28.Rf7+ Ke5 29.Ke3 1-0

[Event "Kvibergspelen 2017"]
[Site "Gothenburg"]
[Date "2017.05.05"]
[Round "4.9"]
[White "Petersson, Baldur Teodor"]
[Black "Lindberg, Bengt"]
[Result "1-0"]
[WhiteElo "2094"]
[BlackElo "2387"]

1.e4 c5 2.Nc3 Nc6 3.g3 g6 4.Bg2 Bg7 5.d3 d6 6.f4 e6 7.Nf3 Nge7 8.O-O Rb8 
9.Be3 Nd4 10.e5 Nxf3+ 11.Qxf3 Nf5 12.Bf2 O-O 13.Ne4 b6 14.g4 Bb7 15.Qh3 
dxe5 16.gxf5 exf5 17.Nc3 Bxg2 18.Qxg2 exf4 19.Rae1 g5 20.Nd5 Kh8 21.Ne7 
Bf6 22.Nxf5 Bxb2 23.d4 Qd7 24.Qh3 Rbe8 25.dxc5 bxc5 26.Bxc5 Rg8 27.Qb3 
Qxf5 28.Qxb2+ f6 29.Bd4 Ref8 1-0

[Event "Kvibergspelen 2017"]
[Site "Gothenburg"]
[Date "2017.05.05"]
[Round "4.10"]
[White "Andreasson, Ingvar"]
[Black "Andersson, Robert"]
[Result "1-0"]
[WhiteElo "2356"]
[BlackElo "2088"]

1.b3 c5 2.Bb2 Nc6 3.e3 e6 4.f4 Nf6 5.Nf3 Be7 6.Bb5 Qc7 7.O-O a6 8.Bxc6 
Qxc6 9.Ne5 Qc7 10.Ng4 b5 11.d3 Bb7 12.Nd2 h5 13.Ne5 d6 14.Nef3 Ng4 15.Qe2 
Bf6 16.c3 b4 17.Rac1 bxc3 18.Bxc3 Bxc3 19.Rxc3 Qe7 20.Nc4 Rd8 21.Rcc1 Bd5 
22.Ncd2 g6 23.h3 Nh6 24.e4 Ba8 25.Qe3 f6 26.d4 cxd4 27.Qxd4 Nf7 28.Qb6 Qb7
29.Qd4 Ke7 30.Rc3 Rd7 31.Rfc1 Rb8 32.Kh2 Qa7 33.Qxa7 Rxa7 34.Nh4 g5 35.
Rc7+ Rxc7 36.Rxc7+ Kf8 37.fxg5 fxg5 38.Nhf3 g4 39.Nd4 Re8 40.Ra7 gxh3 41.
gxh3 Ng5 42.h4 Nxe4 43.Nxe6+ Rxe6 44.Rxa8+ Ke7 45.Nxe4 Rxe4 46.Kg3 Rg4+ 
47.Kh3 d5 48.Rxa6 d4 49.Ra5 Ke6 50.Rxh5 Re4 51.Rh8 d3 52.Rd8 Re3+ 53.Kg4 
Ke5 54.h5 Re4+ 55.Kf3 Rd4 56.Rxd4 Kxd4 57.h6 Kc3 58.h7 d2 59.h8=Q+ Kc2 60.
Qh2 Kc1 61.Qf4 1-0

[Event "Kvibergspelen 2017"]
[Site "Gothenburg"]
[Date "2017.05.06"]
[Round "5.1"]
[White "Arman, Deniz"]
[Black "Tikkanen, Hans"]
[Result "1-0"]
[WhiteElo "2377"]
[BlackElo "2504"]

1.d4 d5 2.Nc3 Bf5 3.f3 Nf6 4.g4 Bg6 5.h4 h6 6.Nh3 c5 7.Nf4 Bh7 8.g5 cxd4 
9.Qxd4 Nc6 10.Qg1 Nb4 11.gxf6 Nxc2+ 12.Kd1 d4 13.e4 dxe3+ 14.Nfd5 Rc8 15.
Bb5+ Rc6 16.fxe7 Bxe7 17.Qxg7 Kd7 18.Ke2 Nxa1 19.Rd1 Bd6 20.Qxf7+ Kc8 21.
Bxc6 bxc6 22.Qxa7 cxd5 23.Nxd5 Rg8 24.Bxe3 Rg2+ 25.Kf1 Rxb2 26.Qxh7 Qf8 
27.Qe4 Qg7 28.Nb6+ Kc7 29.Rc1+ Bc5 30.Rxc5+ 1-0

[Event "Kvibergspelen 2017"]
[Site "Gothenburg"]
[Date "2017.05.06"]
[Round "5.2"]
[White "Westerberg, Jonathan"]
[Black "Welin, Mats"]
[Result "1-0"]
[WhiteElo "2460"]
[BlackElo "2336"]

1.e4 e5 2.Nf3 Nc6 3.Nc3 Nf6 4.Be2 d5 5.exd5 Nxd5 6.O-O Nxc3 7.bxc3 Bd6 8.
d4 O-O 9.Re1 h6 10.Bd3 Re8 11.h3 Bd7 12.Rb1 b6 13.Be4 Rb8 14.Qd3 exd4 15.
Bb2 Ne5 16.Nxe5 Bxe5 17.cxd4 Bd6 18.Qf3 Qh4 19.Bd3 Re6 20.Rxe6 Bxe6 21.c4 
Re8 22.Re1 Qf4 23.Qxf4 Bxf4 24.Bc3 Bd6 25.Bf5 Kf8 26.Bxe6 fxe6 27.d5 e5 
28.Re4 g5 29.h4 Kf7 30.h5 Kf6 31.Kf1 c6 32.dxc6 Rc8 33.Ke2 Rxc6 34.Kd3 Kf5
35.g4+ Ke6 36.Bd2 Bc5 37.f4 gxf4 38.Bxf4 Bd4 39.Bd2 Kf7 40.Re2 Rf6 41.Ke4 
Ke6 42.Rh2 Kf7 43.g5 hxg5 44.h6 Kg8 45.h7+ Kh8 46.Bxg5 Rc6 47.Be7 Ba1 48.
Kd5 Rg6 49.c5 bxc5 50.Bxc5 a6 51.Rh1 Bb2 52.Bd6 Rg5 53.Rb1 e4+ 54.Kxe4 Bg7
55.Rh1 Rb5 56.Rh3 Rb2 57.a3 Rb5 58.Bb4 a5 59.Bd6 a4 60.Bb4 Rg5 61.Rh4 Rb5 
62.Kd3 Rb7 63.Bc5 Bb2 64.Rxa4 Kxh7 65.Ra6 Kg7 66.a4 Kf7 67.a5 Ke8 68.Rh6 
Ba3 69.Rh8+ Kd7 70.a6 1-0

[Event "Kvibergspelen 2017"]
[Site "Gothenburg"]
[Date "2017.05.06"]
[Round "5.3"]
[White "Rozentalis, Eduardas"]
[Black "Nyander, Joakim"]
[Result "1-0"]
[WhiteElo "2535"]
[BlackElo "2222"]

1.e4 c5 2.Nf3 e6 3.g3 b6 4.Bg2 Bb7 5.Nc3 a6 6.O-O Qc7 7.d4 cxd4 8.Nxd4 Nf6
9.Re1 d6 10.Bg5 Be7 11.Bxf6 Bxf6 12.Qd2 O-O 13.Rad1 Nd7 14.f4 Rfd8 15.f5 
e5 16.Nf3 Be7 17.g4 h6 18.Kh1 Rac8 19.g5 hxg5 20.Nxg5 b5 21.Re2 Nb6 22.Qc1
Nc4 23.Rd3 Nxb2 24.Rg3 Nc4 25.Nd5 Bxd5 26.exd5 Nb6 27.Ne6 fxe6 28.Qh6 Bh4 
29.Qxh4 exf5 30.Bf3 Rd7 31.Reg2 Rf8 32.Rh3 1-0

[Event "Kvibergspelen 2017"]
[Site "Gothenburg"]
[Date "2017.05.06"]
[Round "5.4"]
[White "Hector, Jonny"]
[Black "Bellon Lopez, Juan"]
[Result "1-0"]
[WhiteElo "2498"]
[BlackElo "2324"]

1.e4 c5 2.Nf3 e6 3.d4 cxd4 4.Nxd4 Nc6 5.Nc3 Qc7 6.Be3 a6 7.Qf3 Bd6 8.O-O-O
Be5 9.g3 Nxd4 10.Bxd4 Nf6 11.Bxe5 Qxe5 12.Qe2 b5 13.f4 Qc7 14.e5 b4 15.Bg2
Bb7 16.Ne4 Nxe4 17.Bxe4 O-O 18.Rd6 a5 19.Rhd1 Rfd8 20.Bxb7 Qxb7 21.Qd3 Ra7
22.Qd4 h6 23.Kb1 Qb8 24.f5 exf5 25.g4 fxg4 26.Qxg4 Qb5 27.Rxh6 Ra6 28.Rh5 
Qb8 29.Qh4 Rh6 30.Rxh6 1-0

[Event "Kvibergspelen 2017"]
[Site "Gothenburg"]
[Date "2017.05.06"]
[Round "5.5"]
[White "Ornstein, Axel"]
[Black "Akesson, Ralf"]
[Result "1/2-1/2"]
[WhiteElo "2349"]
[BlackElo "2460"]

1.d4 d5 2.Bf4 Nf6 3.e3 g6 4.Nf3 Bg7 5.Bd3 c5 6.c3 Qb6 7.Qc1 O-O 8.Nbd2 Bd7
9.Ne5 Nc6 10.O-O Rac8 11.Re1 Rfd8 12.dxc5 Qxc5 13.Nb3 Qb6 14.Nxd7 Nxd7 15.
Bf1 a5 16.Bg3 a4 17.Nd4 a3 18.bxa3 Nxd4 19.exd4 Bxd4 20.Rb1 Qf6 21.Qh6 
Rxc3 22.Bh4 Qf5 23.Rxb7 Rc2 24.Re2 Rxe2 25.Bxe2 Qe4 26.Bf1 Bg7 27.Qc1 Qxh4
28.Rxd7 Rxd7 29.Qc8+ Bf8 30.Qxd7 e6 31.Qa7 Qe7 32.Qxe7 Bxe7 33.a4 Bb4 34.
g4 f6 35.Bg2 Kf7 36.f4 Bc5+ 37.Kf1 Bd6 38.f5 Bxh2 39.fxe6+ Kxe6 40.a5 Bc7 
41.a6 Bb6 42.Ke2 Ke5 43.Kf3 Kd4 44.Bf1 Ba7 45.Bb5 Kc3 46.a4 Bb8 47.Bf1 h5 
48.gxh5 gxh5 49.Bb5 Kd4 50.Be8 h4 51.Kg4 Ke3 52.Bg6 d4 53.Kxh4 Kf4 54.Bc2 
Ba7 55.Kh3 Bb6 56.Bb1 Kf3 57.Bc2 Kf4 58.Bb1 Kf3 1/2-1/2

[Event "Kvibergspelen 2017"]
[Site "Gothenburg"]
[Date "2017.05.06"]
[Round "5.6"]
[White "Andreasson, Ingvar"]
[Black "Petersson, Baldur Teodor"]
[Result "1/2-1/2"]
[WhiteElo "2356"]
[BlackElo "2094"]

1.b3 Nf6 2.Bb2 g6 3.Bxf6 exf6 4.c4 Bg7 5.Nc3 f5 6.g3 Bxc3 7.dxc3 Nc6 8.Bg2
Qf6 9.Qd2 O-O 10.Nh3 Ne5 11.Nf4 c6 12.h4 Ng4 13.O-O Qe7 14.Rfd1 Nf6 15.Qd6
Re8 16.Kf1 Kg7 17.Qxe7 Rxe7 18.Ke1 h6 19.a4 a5 20.Kd2 Ng4 21.Ke1 b6 
1/2-1/2

[Event "Kvibergspelen 2017"]
[Site "Gothenburg"]
[Date "2017.05.06"]
[Round "5.8"]
[White "Sjoholm, Emil"]
[Black "Ernst, Thomas"]
[Result "0-1"]
[WhiteElo "2110"]
[BlackElo "2382"]

1.e4 c5 2.Nf3 d6 3.d4 cxd4 4.Nxd4 Nf6 5.Nc3 a6 6.Be3 e6 7.g4 e5 8.Nf5 g6 
9.g5 gxf5 10.exf5 d5 11.Qf3 d4 12.O-O-O Qc7 13.Bxd4 exd4 14.Rxd4 Nc6 15.
Bb5 axb5 16.Re1+ Be7 17.gxf6 Nxd4 18.Qe4 Nxf5 19.Nd5 Qc4 20.Qe5 Be6 21.
fxe7 Qd4 22.Nc7+ Kxe7 23.Qxf5 Rxa2 24.Qg5+ Kd7 0-1

[Event "Kvibergspelen 2017"]
[Site "Gothenburg"]
[Date "2017.05.06"]
[Round "5.9"]
[White "Wallgren, Ulf"]
[Black "Pantzar, Milton"]
[Result "1/2-1/2"]
[WhiteElo "2088"]
[BlackElo "2321"]

1.e4 e5 2.Nf3 Nc6 3.c3 Nf6 4.d4 Nxe4 5.d5 Bc5 6.dxc6 Bxf2+ 7.Ke2 Bb6 8.Qd5
Nf2 9.Rg1 bxc6 10.Qxe5+ Kf8 11.Nd4 Ng4 12.Qg3 d6 13.Kd1 Qf6 14.Qf4 Qg6 15.
h3 c5 16.Nb3 Bf5 17.Na3 Nf6 18.Qg5 Re8 19.Qxg6 hxg6 20.g4 Be4 21.Rg3 d5 
22.Bg5 c6 23.Bf4 Kg8 24.Bd6 c4 25.Nd4 Bh1 26.Rg1 Ne4 27.Bg3 Bxd4 28.cxd4 
Bf3+ 29.Kc2 Ng5 30.Re1 Be4+ 31.Kc3 Nf3 32.Bf2 Nxe1 33.Bxe1 Bd3 34.Bxd3 
cxd3 35.h4 Re2 36.Nb1 Rc2+ 37.Kxd3 Rxb2 38.Nc3 Kh7 39.Bd2 Kg8 40.Be1 f6 
41.a4 Kf7 42.Nd1 Rhb8 43.Nxb2 Rxb2 44.a5 a6 45.Bd2 Ke6 46.Re1+ Kd6 47.Kc3 
Rb5 48.Ra1 c5 49.dxc5+ Rxc5+ 50.Kd3 Rc4 51.Rg1 Ra4 52.g5 Rxh4 53.gxf6 gxf6
54.Rxg6 Ke5 55.Rg8 Rd4+ 56.Ke3 Re4+ 57.Kd3 Rd4+ 58.Ke3 Re4+ 1/2-1/2

[Event "Kvibergspelen 2017"]
[Site "Gothenburg"]
[Date "2017.05.06"]
[Round "5.10"]
[White "Rydstrom, Tom"]
[Black "Fransson, Lennart"]
[Result "1-0"]
[WhiteElo "2312"]
[BlackElo "2082"]

1.Nc3 f5 2.e4 fxe4 3.Nxe4 Nf6 4.Nxf6+ exf6 5.d4 d5 6.Bd3 Be6 7.Ne2 Bd6 8.
Nf4 Bf7 9.O-O O-O 10.Qg4 Re8 11.Bd2 Nd7 12.Nxd5 Bxd5 13.Qf5 Be6 14.Qxh7+ 
Kf8 15.Bh6 Re7 16.Qh8+ Bg8 17.Bc4 Rf7 18.Bxf7 Kxf7 19.Qxg7+ Ke6 1-0

[Event "Kvibergspelen 2017"]
[Site "Gothenburg"]
[Date "2017.05.06"]
[Round "6.1"]
[White "Arman, Deniz"]
[Black "Westerberg, Jonathan"]
[Result "1/2-1/2"]
[WhiteElo "2377"]
[BlackElo "2460"]

1.d4 d5 2.Nc3 Nf6 3.Bg5 Nbd7 4.Qd3 h6 5.Bh4 c6 6.f3 e5 7.e4 exd4 8.Qxd4 
Bc5 9.Bxf6 Qxf6 10.Qxf6 Nxf6 11.exd5 cxd5 12.O-O-O O-O 13.Nxd5 Nxd5 14.
Rxd5 b6 15.Rd1 Bf5 16.Bd3 Bxd3 17.Rxd3 Rfe8 18.Kd1 Re7 19.Ne2 Rae8 20.Ng3 
Re6 21.c3 Bd6 22.Nf5 Bc5 23.Rd2 Kf8 24.Nd4 Rd6 25.Nb3 Red8 26.Rxd6 Rxd6+ 
27.Kc2 Rg6 28.g3 Bd6 29.Rd1 h5 30.Nd4 Ke8 31.Nf5 Bf8 32.Rd5 Rf6 33.b4 g6 
34.Nd4 Bd6 35.f4 h4 36.Nf3 hxg3 37.hxg3 a6 38.a4 Be7 39.Nd4 Bd6 40.Kd3 Kd7
41.c4 Kc7 42.c5 bxc5 43.bxc5 Be7 44.Kc4 Bf8 45.Re5 Kd7 46.Nf3 Rc6 47.Rd5+ 
Kc8 48.Nd4 Rc7 49.Nc2 Kb7 50.Nb4 f6 51.Rd7 Rxd7 52.c6+ Kc7 53.cxd7 a5 54.
Nc6 Kxd7 55.Nxa5 Bd6 56.Nb7 Bb8 57.Kd5 g5 58.Nc5+ Kc8 59.fxg5 fxg5 60.g4 
Bf4 61.Ke4 Bc1 62.Kf5 Kc7 63.Ne6+ Kb6 64.Nxg5 Ka5 65.Ne6 Bh6 66.Ng5 Kxa4 
67.Kg6 Bf8 68.Ne4 Be7 69.Kf7 Bh4 70.Nd6 Kb4 71.Nf5 Bg5 72.Nd6 Bc1 73.Ke6 
Kc5 74.Nf5 Kc6 75.Nd4+ Kc7 76.Kf5 Kd7 77.Ne6 Ke7 78.Nd4 Kf7 79.Ne2 Bd2 80.
Ng3 Kg7 81.Nh5+ Kf7 82.g5 Bxg5 83.Ke4 1/2-1/2

[Event "Kvibergspelen 2017"]
[Site "Gothenburg"]
[Date "2017.05.06"]
[Round "6.2"]
[White "Hector, Jonny"]
[Black "Rozentalis, Eduardas"]
[Result "1-0"]
[WhiteElo "2498"]
[BlackElo "2535"]

1.e4 e5 2.Nf3 Nf6 3.Nc3 Bb4 4.Nxe5 O-O 5.Be2 Re8 6.Nd3 Bxc3 7.dxc3 Nxe4 8.
Nf4 d6 9.O-O Nd7 10.c4 Ndf6 11.a4 a5 12.Ra3 Bd7 13.Nd5 Nxd5 14.cxd5 Qf6 
15.h3 h6 16.Rf3 Qe5 17.Re3 Qf6 18.Bg4 Bxg4 19.Qxg4 Nc5 20.Rfe1 Rxe3 21.
Rxe3 Qg6 22.Qxg6 fxg6 23.Bd2 Kf7 24.b3 b6 25.Kf1 g5 26.Bc3 Rd8 27.Ke2 Rd7 
28.Bd4 Kf8 29.Kd2 Rf7 30.Rf3 Rxf3 31.gxf3 Nd7 32.Kd3 g6 33.Kc4 Ke7 34.Kb5 
Kd8 35.c3 Kc8 36.b4 axb4 37.cxb4 Kb7 38.a5 bxa5 39.bxa5 Nb8 40.Bg7 h5 41.
Bd4 Na6 42.Be3 Nb8 43.Bxg5 Na6 44.Be3 Nb8 45.Bd4 Na6 46.Kc4 Nb8 47.Kd3 Ka6
48.Bc3 Kb5 49.Ke4 Na6 50.Bd2 Kc4 51.Kf4 Kxd5 52.Kg5 Kd4 53.Kxg6 Kd3 54.f4 
Kxd2 55.f5 c5 56.f6 Nb8 57.f7 Nd7 58.a6 c4 59.a7 c3 60.a8=Q c2 61.Qd5+ 1-0

[Event "Kvibergspelen 2017"]
[Site "Gothenburg"]
[Date "2017.05.06"]
[Round "6.3"]
[White "Tikkanen, Hans"]
[Black "Lindh, Fredrik"]
[Result "1-0"]
[WhiteElo "2504"]
[BlackElo "2271"]

1.d4 Nf6 2.Nf3 g6 3.Bf4 Bg7 4.e3 O-O 5.Be2 d6 6.h3 c5 7.c3 b6 8.Nbd2 Bb7 
9.O-O Nbd7 10.a4 a6 11.Bh2 Re8 12.Re1 d5 13.Bf1 Nb8 14.b4 c4 15.b5 Nbd7 
16.e4 dxe4 17.Ng5 h6 18.Ngxe4 Nxe4 19.Nxe4 Bd5 20.Qb1 axb5 21.axb5 Rxa1 
22.Qxa1 Qa8 23.Qxa8 Rxa8 24.Nd2 e6 25.Nxc4 Bxc4 26.Bxc4 Rc8 27.Ba2 Rxc3 
28.d5 exd5 29.Bxd5 Rc5 30.Be4 Ne5 31.f4 Nc4 32.Rc1 Bd4+ 33.Kh1 Nd6 34.Rxc5
Bxc5 35.Bc6 Kg7 36.g4 Kf6 37.Kg2 Nc4 38.Kf3 Ke6 39.Bg3 Nd6 40.Be1 Bd4 41.
Ke2 Bc5 42.Bc3 f6 43.Kd3 Bf2 44.Bb4 Bg1 45.h4 Bf2 46.h5 gxh5 47.gxh5 Bg1 
48.Ke2 Bd4 49.Kf3 Bb2 50.Bd2 Bd4 51.Kg4 f5+ 52.Kf3 Nc4 53.Bb4 Nd6 54.Ke2 
Bf6 55.Kd3 Bh4 56.Bc3 Bf6 57.Be1 Bd8 58.Bf2 Nf7 59.Bd4 Bc7 60.Ke3 Ke7 61.
Bg7 Bd6 62.Bd5 Bc5+ 63.Kd3 Nd6 64.Bc6 Nf7 65.Bd5 Nd6 66.Bxh6 Nxb5 67.Bg5+ 
Kd6 68.Bc4 Nc7 69.h6 Ba3 70.Bf6 1-0

[Event "Kvibergspelen 2017"]
[Site "Gothenburg"]
[Date "2017.05.06"]
[Round "6.4"]
[White "Akesson, Ralf"]
[Black "Rydstrom, Tom"]
[Result "0-1"]
[WhiteElo "2460"]
[BlackElo "2312"]

1.d4 d5 2.c4 c6 3.Nf3 Nf6 4.e3 Bf5 5.Nc3 e6 6.Nh4 Be4 7.f3 Bg6 8.Qb3 Qc7 
9.Bd2 Be7 10.Nxg6 hxg6 11.O-O-O Nbd7 12.cxd5 Nxd5 13.Kb1 a5 14.g3 O-O 15.
Nxd5 cxd5 16.Rc1 Qb8 17.Bb5 Nb6 18.Bd3 Qd6 19.Qb5 Rfb8 20.a3 Nc8 21.Bxa5 
Na7 22.Qb3 Nc6 23.Bb6 Qd7 24.Rc2 e5 25.dxe5 Nxe5 26.Rd1 Qe6 27.e4 Bd8 28.
Bf2 Qf6 29.f4 Nxd3 30.Qxd3 dxe4 31.Qxe4 Bb6 32.Bxb6 Qxb6 33.Qd4 Qe6 34.Qc4
Qe7 35.Re2 Qf6 36.Rd7 b5 37.Qd5 b4 38.axb4 Ra4 39.b5 Ra5 40.Qe5 Qb6 41.Rd5
Rba8 42.Qd4 Ra1+ 43.Kc2 Rc8+ 44.Kd2 Qa5+ 45.Ke3 Re8+ 46.Re5 Rd8 47.Qc3 
Qa7+ 48.Qc5 Qd7 49.Kf2 Qh3 50.Re8+ Rxe8 51.Rxe8+ Kh7 52.Qc4 Qxh2+ 53.Kf3 
Qh1+ 54.Kf2 Qg1+ 55.Kf3 Rf1+ 0-1

[Event "Kvibergspelen 2017"]
[Site "Gothenburg"]
[Date "2017.05.06"]
[Round "6.6"]
[White "Ernst, Thomas"]
[Black "Kumar, Rahul"]
[Result "1-0"]
[WhiteElo "2382"]
[BlackElo "2196"]

1.e4 g6 2.d4 Bg7 3.c4 d6 4.Nc3 Nd7 5.Be3 e6 6.Qd2 h6 7.Bd3 Ne7 8.Nge2 b6 
9.Rd1 a6 10.O-O Bb7 11.Bb1 Rb8 12.f4 f5 13.d5 exd5 14.exd5 a5 15.Bd4 Nf6 
16.Bxf6 Bxf6 17.Nd4 Bc8 18.Rfe1 Bxd4+ 19.Qxd4 Kf7 20.Rxe7+ 1-0

[Event "Kvibergspelen 2017"]
[Site "Gothenburg"]
[Date "2017.05.06"]
[Round "6.7"]
[White "Borvander, Tom"]
[Black "Andreasson, Ingvar"]
[Result "1-0"]
[WhiteElo "2134"]
[BlackElo "2356"]

1.d4 Nf6 2.c4 c5 3.d5 e5 4.Nc3 d6 5.e4 Be7 6.Bd3 Na6 7.Bc2 Nc7 8.Ba4+ Bd7 
9.Bxd7+ Qxd7 10.a4 O-O 11.h3 a6 12.a5 Rab8 13.Nf3 b5 14.axb6 Rxb6 15.Qe2 
Rfb8 16.O-O g6 17.Ra2 Nh5 18.Ne1 Re8 19.Nd3 Bf8 20.Kh2 Rbb8 21.g3 Bg7 22.
Be3 Qe7 23.Ra4 Rb3 24.Rd1 Qf8 25.Na2 Reb8 26.Nac1 R3b7 27.Bd2 Qe8 28.Ra2 
f5 29.Bc3 fxe4 30.Qxe4 Nf6 31.Qg2 Qf7 32.Ne1 e4 33.Nc2 Nd7 34.Bxg7 Kxg7 
35.b3 Ne5 36.Ne1 Nf3+ 37.Nxf3 exf3 38.Qf1 Re8 39.Rd3 Rbb8 40.Qd1 Rf8 41.
Rc2 Rbe8 42.Rcc3 Re4 43.Rxf3 Qe7 44.Rxf8 Kxf8 45.Rf3+ Kg8 46.Nd3 Ne8 47.
Qa1 Rd4 48.Nf4 Nc7 49.Qc3 Re4 50.b4 cxb4 51.Qxb4 Kg7 52.Qb2+ Kh6 53.Qc2 
Qe5 54.Qd2 Kg7 55.Nd3 Qd4 56.Qg5 Re8 57.Nf4 Qe5 58.Nh5+ Kh8 59.Qxe5+ 1-0

[Event "Kvibergspelen 2017"]
[Site "Gothenburg"]
[Date "2017.05.06"]
[Round "6.8"]
[White "Karlsson, Ulf"]
[Black "Ornstein, Axel"]
[Result "0-1"]
[WhiteElo "1997"]
[BlackElo "2349"]

1.e4 e5 2.Nf3 Nc6 3.Nc3 Nf6 4.d4 exd4 5.Nxd4 Bb4 6.Nxc6 bxc6 7.Bd3 d5 8.
exd5 cxd5 9.O-O O-O 10.Bg5 Be6 11.Ne2 h6 12.Bh4 Be7 13.Nd4 Qd7 14.Nxe6 
fxe6 15.Qe2 Bd6 16.c4 c6 17.Rae1 e5 18.Bxf6 Rxf6 19.cxd5 cxd5 20.Bb5 Qb7 
21.Rc1 Bc7 22.Rc2 Raf8 23.Ba4 Kh8 24.Qd1 Bb6 25.Bb3 d4 26.Kh1 e4 27.Qh5 
Rf5 28.Qg4 e3 29.Bc4 Rg5 30.Qh3 Qe4 31.Bd3 Rg8 0-1

[Event "Kvibergspelen 2017"]
[Site "Gothenburg"]
[Date "2017.05.06"]
[Round "6.9"]
[White "Welin, Mats"]
[Black "Petersson, Baldur Teodor"]
[Result "1-0"]
[WhiteElo "2336"]
[BlackElo "2094"]

1.e4 c5 2.Nf3 e6 3.d4 cxd4 4.Nxd4 a6 5.Bd3 Bc5 6.Nb3 Be7 7.Qg4 g6 8.Qe2 d6
9.O-O Qc7 10.Nc3 Nd7 11.Bd2 b6 12.f4 Ngf6 13.Rae1 Bb7 14.e5 Nd5 15.Ne4 O-O
16.c4 dxe5 17.cxd5 exd5 18.Rc1 Qd8 19.Nc3 e4 20.Bb1 a5 21.Rfd1 Ba6 22.Qf2 
Nc5 23.Be3 1-0

[Event "Kvibergspelen 2017"]
[Site "Gothenburg"]
[Date "2017.05.06"]
[Round "6.10"]
[White "Andersson, Robert"]
[Black "Lindberg, Bengt"]
[Result "0-1"]
[WhiteElo "2088"]
[BlackElo "2387"]

1.Nf3 Nf6 2.c4 c5 3.Nc3 e6 4.g3 b6 5.Bg2 Bb7 6.O-O Be7 7.b3 O-O 8.Bb2 d6 
9.d4 cxd4 10.Qxd4 a6 11.Rfd1 Nbd7 12.Ng5 Bxg2 13.Kxg2 Qc7 14.Nge4 Ne8 15.
f3 Rd8 16.Nf2 Qb8 17.Ng4 h5 18.Nd5 exd5 19.Nh6+ Kh7 20.Qxd5 Ndf6 21.Qd3+ 
g6 22.Qe3 Rd7 23.Rd4 Bd8 24.Nf5 gxf5 25.Qg5 Rg8 26.Qxf5+ Rg6 27.Rh4 Ng7 
28.Qh3 Qb7 29.Rd1 Kg8 30.Rdd4 Re7 31.Kf2 Re6 32.Rdf4 b5 33.Kf1 bxc4 34.
Rxc4 d5 35.Rb4 Qc7 36.g4 Qc2 0-1

[Event "Kvibergspelen 2017"]
[Site "Gothenburg"]
[Date "2017.05.07"]
[Round "7.1"]
[White "Westerberg, Jonathan"]
[Black "Hector, Jonny"]
[Result "0-1"]
[WhiteElo "2460"]
[BlackElo "2498"]

1.d4 d5 2.Bf4 Nf6 3.e3 c5 4.c3 Nc6 5.Nd2 e6 6.Ngf3 Bd6 7.Bg3 O-O 8.Bb5 Ne4
9.Bxd6 Qxd6 10.Nxe4 dxe4 11.Nd2 cxd4 12.cxd4 e5 13.Bxc6 bxc6 14.O-O Ba6 
15.Re1 Bd3 16.Nb3 exd4 17.Nxd4 c5 18.Ne2 Rfd8 19.Qc1 a5 20.Qc3 a4 21.Red1 
Qb6 22.Rd2 Qb5 23.Rad1 Rdc8 24.Nf4 c4 25.a3 Rab8 26.Rc1 Qe8 27.h4 h6 28.
Nh5 Qf8 29.Qd4 Rd8 30.Qa7 Qe8 31.Nf4 Qb5 32.Nxd3 exd3 33.Qc7 Rdc8 34.Qf4 
Qa5 35.Rdd1 Qd5 36.Rd2 Rb6 37.Qd4 Qe6 38.Qc3 Rbc6 39.Qa5 Qe4 40.g3 g5 41.
h5 Rc5 42.Qb6 Kg7 43.Qb4 Kh7 44.Qc3 Rd8 45.Qb4 Rdd5 46.Qb7 Qf3 47.e4 Re5 
48.Re1 Qxh5 49.Kg2 Qg6 50.Qa7 Ra5 51.Qd4 Rac5 52.Re3 g4 53.Rd1 Qe6 54.Rh1 
Rc7 55.Ree1 Re7 56.f3 gxf3+ 57.Kxf3 f5 58.Rh4 Rxe4 59.Rexe4 fxe4+ 60.Ke3 
Qg6 61.Kd2 e3+ 0-1

[Event "Kvibergspelen 2017"]
[Site "Gothenburg"]
[Date "2017.05.07"]
[Round "7.3"]
[White "Welin, Mats"]
[Black "Tikkanen, Hans"]
[Result "0-1"]
[WhiteElo "2336"]
[BlackElo "2504"]

1.e4 c6 2.d4 d5 3.Nd2 dxe4 4.Nxe4 Bf5 5.Ng3 Bg6 6.h4 h6 7.Nf3 Nd7 8.h5 Bh7
9.Bd3 Bxd3 10.Qxd3 e6 11.Bd2 Ngf6 12.O-O-O Be7 13.Kb1 Qb6 14.Ne4 Rd8 15.c4
O-O 16.Qe2 c5 17.Nxf6+ Nxf6 18.Bc3 Rfe8 19.g4 Nxg4 20.Rdg1 f5 21.dxc5 Bxc5
22.Ne5 Bd4 23.Bxd4 Rxd4 24.Nxg4 fxg4 25.Rh4 Rf8 26.Rhxg4 Rxg4 27.Qxg4 Rf7 
28.Rd1 Rxf2 29.b3 Rf6 30.Rg1 Qc7 31.Qd4 Rf5 32.Qxa7 Rxh5 33.Qa8+ Kh7 34.
Qe8 Rf5 35.Qg6+ Kh8 36.Qe8+ Kh7 37.Qg6+ Kg8 38.Qe8+ Rf8 39.Qxe6+ Qf7 40.
Qxh6 Qf5+ 41.Ka1 Qe5+ 42.Kb1 Rf1+ 0-1

[Event "Kvibergspelen 2017"]
[Site "Gothenburg"]
[Date "2017.05.07"]
[Round "7.4"]
[White "Rydstrom, Tom"]
[Black "Ernst, Thomas"]
[Result "0-1"]
[WhiteElo "2312"]
[BlackElo "2382"]

1.e4 c5 2.Nf3 d6 3.d4 cxd4 4.Nxd4 Nf6 5.Nc3 a6 6.g3 e5 7.Nde2 b5 8.Bg2 Bb7
9.O-O Nbd7 10.a4 b4 11.Nd5 Nxd5 12.exd5 a5 13.Be3 Ba6 14.Re1 Be7 15.f4 O-O
16.fxe5 Bxe2 17.Qxe2 Nxe5 18.Rad1 Bf6 19.h3 Nd7 20.b3 Be5 21.Qf2 Rc8 22.
Be4 g6 23.Bd3 f5 24.Bd4 Qf6 25.Bc4 Bxd4 26.Qxd4 Ne5 27.Kg2 Kg7 28.Re2 f4 
29.gxf4 Qxf4 30.Qxf4 Rxf4 31.Bb5 Kf6 32.Rdd2 Rc3 33.Rf2 g5 34.Rde2 Kf5 35.
Ba6 h5 36.Bb7 h4 37.Rd2 Rg3+ 38.Kf1 Nf3 39.Bc8+ Kg6 40.Rd1 Rg1+ 41.Ke2 
Nd4+ 42.Rxd4 Rxd4 43.Be6 Rf4 44.Rh2 Kf6 45.Kd2 Ke5 46.c3 Ra1 47.Re2+ Re4 
48.Rxe4+ Kxe4 49.cxb4 axb4 50.Kc2 Kd4 51.Kb2 Rf1 0-1

[Event "Kvibergspelen 2017"]
[Site "Gothenburg"]
[Date "2017.05.07"]
[Round "7.5"]
[White "Ornstein, Axel"]
[Black "Borvander, Tom"]
[Result "1-0"]
[WhiteElo "2349"]
[BlackElo "2134"]

1.d4 Nf6 2.c4 g6 3.g3 Bg7 4.Bg2 O-O 5.Nc3 d6 6.Nf3 Nc6 7.O-O a6 8.d5 Na5 
9.b3 c5 10.dxc6 Ne4 11.c7 Qxc7 12.Nd5 Qd8 13.Be3 Nc3 14.Nxc3 Bxc3 15.Rc1 
Bg7 16.Qd2 Re8 17.Rfd1 Nc6 18.c5 dxc5 19.Bxc5 Qxd2 20.Rxd2 e5 21.Ng5 h6 
22.Ne4 Be6 23.Nd6 Red8 24.Rdc2 Rxd6 25.Bxd6 Nd4 26.Rd2 Rd8 27.Bb4 Bf8 28.
Bxf8 Kxf8 29.Kf1 Rb8 30.f4 Nf5 31.Kf2 exf4 32.gxf4 Nh4 33.Bd5 Rd8 34.e4 g5
35.fxg5 hxg5 36.Ke3 Bh3 37.Rcc2 f5 38.Bxb7 f4+ 39.Kf2 Rb8 40.Rc7 Bg4 41.
Rd6 1-0

[Event "Kvibergspelen 2017"]
[Site "Gothenburg"]
[Date "2017.05.07"]
[Round "7.6"]
[White "Rozentalis, Eduardas"]
[Black "Pantzar, Milton"]
[Result "1-0"]
[WhiteElo "2535"]
[BlackElo "2321"]

1.e4 e5 2.Nf3 Nc6 3.Nc3 Nf6 4.Bb5 Bd6 5.a3 O-O 6.d3 h6 7.h3 Re8 8.g4 Nd4 
9.Bc4 Bf8 10.g5 hxg5 11.Nxg5 Re7 12.Nd5 Nxd5 13.Bxd5 g6 14.c3 Ne6 15.h4 f6
16.Nxe6 dxe6 17.Bb3 Rh7 18.Be3 Bh6 19.Qf3 Bd7 20.O-O-O Qe7 21.Rhg1 Be8 22.
Rg4 Bf7 23.Qg3 Kh8 24.Rg1 Rd8 25.Bxh6 Rxh6 26.f4 f5 27.Rg5 exf4 28.Qf3 
Rxh4 29.exf5 gxf5 30.Qf2 Rh7 31.Qxf4 Qd6 32.Qf3 Qxd3 33.Rd1 1-0

[Event "Kvibergspelen 2017"]
[Site "Gothenburg"]
[Date "2017.05.07"]
[Round "7.7"]
[White "Lindberg, Bengt"]
[Black "Storme, Isak"]
[Result "1-0"]
[WhiteElo "2387"]
[BlackElo "2159"]

1.e4 c5 2.Nf3 d6 3.d4 cxd4 4.Nxd4 Nf6 5.Nc3 Nc6 6.Bg5 e6 7.Qd2 a6 8.O-O-O 
Bd7 9.f3 h6 10.Be3 b5 11.Nxc6 Bxc6 12.Kb1 Be7 13.Ne2 Rc8 14.Nd4 Bd7 15.g4 
g6 16.h4 Bf8 17.Bh3 e5 18.Ne2 h5 19.g5 Bxh3 20.Rxh3 Nd7 21.f4 exf4 22.Bxf4
Nc5 23.Nc3 Be7 24.Nd5 O-O 25.Nxe7+ Qxe7 26.Bxd6 Qe6 27.Bxf8 Qxh3 28.Bxc5 
Rxc5 29.Qd8+ Kh7 30.Qf8 Rc8 31.Qxf7+ Kh8 32.Qxg6 Qg4 33.Rc1 1-0

[Event "Kvibergspelen 2017"]
[Site "Gothenburg"]
[Date "2017.05.07"]
[Round "7.8"]
[White "Fendrich, David"]
[Black "Bellon Lopez, Juan"]
[Result "0-1"]
[WhiteElo "2212"]
[BlackElo "2324"]

1.Nf3 c5 2.g3 g6 3.Bg2 Bg7 4.O-O Nc6 5.c3 e6 6.d4 cxd4 7.cxd4 Nge7 8.e4 d5
9.e5 a6 10.a4 Qb6 11.b3 Na5 12.Nbd2 Nf5 13.Bb2 Nc6 14.Nb1 h5 15.Bh3 Bf8 
16.Bc3 Bd7 17.a5 Qd8 18.Qd2 Rc8 19.Ng5 Ncxd4 20.Bxf5 Qxg5 21.Qxg5 Nf3+ 22.
Kg2 Nxg5 23.Bd3 h4 24.f3 h3+ 25.Kf2 Bc5+ 26.Ke2 Rc7 27.Bd2 Bd4 28.Ra2 Nh7 
29.f4 O-O 30.Bb4 Rfc8 31.Bd6 Rc1 32.Kd2 Rxf1 33.Bxf1 Bg1 34.Kd1 Be3 35.Nd2
g5 36.f5 g4 37.f6 Ng5 38.Be2 Ne4 39.Rc2 Rxc2 40.Kxc2 Bxd2 41.Bxg4 Bxa5 42.
Bxh3 Nxd6 43.exd6 Bd8 0-1